000 00699nam a22002291 4500
001 17642
003 BD-RjUL
005 20211209000154.0
008 140217r19671963nyu 000 1 eng d
035 _a(BD-RjUL)17700
040 _aDLC
_cDLC
_dDLC
_dBD-RjUL
_beng
041 _aeng
082 0 0 _a813.509
_bMOD 1967
245 1 0 _aModern American fiction :
_bessays in criticism /
_cEd. By Litz, A. Walton,
260 _aNew York :
_bOxford University Press,
_c1963. [Reprinted 1967]
300 _a365 p. ;
_c21 cm.
490 0 _aA Galaxy book, GB100
650 0 _aAmerican fiction
_y20th century
_xHistory and criticism.
_952286
942 _2ddc
_cBK
999 _c17642
_d17642